Business Communication Skills / (Record no. 198373)

MARC details
000 -LEADER
fixed length control field 00691nam a22002177a 4500
005 - DATE AND TIME OF LATEST TRANSACTION
control field 20230919152742.0
010 ## - LCCN (DPL NO)
LC control number ENG-138127
020 ## - INTERNATIONAL STANDARD BOOK NUMBER
International Standard Book Number 9788194878339
Terms of availability 910.00
035 ## - SYSTEM CONTROL NUMBER
System control number EN-121659
037 ## - SOURCE OF ACQUISITION
Source of stock number/acquisition DBAD/PUB
082 ## - DEWEY DECIMAL CLASSIFICATION NUMBER
Classification number 658.45
100 ## - MAIN ENTRY--PERSONAL NAME
Personal name Bala, A. Usha
245 ## - TITLE STATEMENT
Title Business Communication Skills /
Statement of responsibility, etc A. Usha Bala ...[et.al]
260 ## - PUBLICATION, DISTRIBUTION, ETC. (IMPRINT)
Place of publication, distribution, etc Hyderabad
Name of publisher, distributor, etc M/s Spectrum Competitive Series
Date of publication, distribution, etc 2022
270 ## - ADDRESS
Address 326/C, Level-6, Near BK Guda Park, S R Nagar
City Hyderabad
Postal code 500038
300 ## - PHYSICAL DESCRIPTION
Extent viii, 560
Dimensions 25cm(pbk)
700 ## - ADDED ENTRY--PERSONAL NAME
Personal name Ahmed, Md. Arif
9 (RLIN) 56902
700 ## - ADDED ENTRY--PERSONAL NAME
Personal name Bhuvana, A.
9 (RLIN) 56960
700 ## - ADDED ENTRY--PERSONAL NAME
Personal name Lakshmi, V. Vijaya
9 (RLIN) 56961
942 ## - ADDED ENTRY ELEMENTS (KOHA)
Source of classification or shelving scheme Dewey Decimal Classification
Item type English Books
Classification part 658.45
Call number suffix BAL
Holdings
Withdrawn status Lost status Not for loan Collection code Home library Current library Date acquired Source of acquisition Cost, normal purchase price Full call number Barcode Copy number Cost, replacement price Koha item type
      Non-fiction D.B.Act.Division Mobile Library 19/09/2023 DBAD/PUB 910.00 658.45 BAL EN-121659 1 910.00 English Books

© Delhi Public Library
Hit Counter
free hit counter